Les matières scolaires en Esperanto - Statistiques

Statistiques générales
  • Ce quiz a été pris 10 fois
  • Le résultat moyen est 5 sur 13
Statistiques - réponses
Par images Réponse % Correct
franca
100%
angla
78%
arto
33%
fiziko
33%
geografio
33%
historio
33%
matematiko
33%
muziko
33%
sporto
33%
biologio
22%
kemio
22%
teknologio
11%
lernejaj temoj
0%
Aucun quiz correspondant
Distribution des résultats
% des personnes avec chaque résultat
Percentile par nombre de réponses
Votre historique - résultats
Vous n’avez pas pris ce quiz